书目信息 |
| 书名: | INTRODUCING Empiricism | |
| 作者: | Dava Robinson.Bill Mayblin | |
| 分册号: | ||
| 分册名: | 出版地: | Totem Books USA |
|
| 出版社: | Icon Books UK | |
| 出版时间: | 2004 | |
| 页数: | 176P | |
| 开本: | 20cm | |
| 丛书名: | ||
| 中图分类号: | ||
| 科图分类号: | ||
| 其他分类号: | G3 | |
| 主题词: | ||
| 电子资源: | ||
| 000 | 00522nam0 2200193 450 | |
| 001 | 052012181262 | |
| 005 | 20121107161651.0 | |
| 008 | 20021229d1997 em y0chiy0121 ea | |
| 020 | @a978-1-84046-545-7@c£9.99 | |
| 041 | @aeng | |
| 091 | @aG-3 | |
| 099 | @dG3@eD245 | |
| 100 | @aDava Robinson.Bill Mayblin | |
| 245 | 10 | @aINTRODUCING Empiricism @cDava Robinson.Bill Mayblin |
| 260 | @aTotem Books USA@bIcon Books UK@c2004 | |
| 300 | @a176P@c20cm | |
| 521 | @aINTRODUCING Empiricism | |
| 905 | @b009582 | |
| 905 | @aTSG@dG3@eD245 | |
| INTRODUCING Empiricism / Dava Robinson.Bill Mayblin.-Totem Books USA : Icon Books UK , 2004 |
| 176P ; 20cm |
| INTRODUCING Empiricism |
| ISBN 978-1-84046-545-7£9.99 |
| ● |
| 相关链接 |
|
|
|
正题名:INTRODUCING Empiricism
索取号:G3/D245
 
预约/预借
| 序号 | 登录号 | 条形码 | 馆藏地/架位号 | 状态 | 备注 |
| 1 | 9582 | 300095821 | 社科库409/409社科库 119排1列5层/ [索取号:G3/D245] | 在馆 |